1797 1045 1043 1456 1041 1307 1796 1540 1725 1428 1284 1683 1541 1879 1157 1713 1660 1936 1500 1406 1626 1564 1799 1529 1505 1419 1661 1296 1309 1608 1599 1421 1079 1962 1747 1121 1080 1794 1789 1402 1279 1082 1924 1140 1553 1699 1069 1410 1476 1728 1740 1596 1534 1699 1712 1615 1923 1931 1076 1078 1820 1782 1897 1036 1563 1596 1613 1122 1581 1469 1922 1284 1782 1690 1285 1488 1546 1993 1461 1816 1793 1327 1603 1552 1270 1477 1104 1037 1976 1746 1496 1366 1504 1484 1388 1990 1712 1587 1767 BCNSPRNW ULIB Ver.6.0+V

เปลี่ยนเป็นภาษาไทย

Change to English
 แสดงรายละเอียดบรรณานุกรม
  กลับหน้าหลัก

Brief Record : Get Marc (ISO 2709) : E-mail record : QR code < ปิดหน้าต่าง
LEADER : 00000nam 2200000uu 4500
001    13399113223
003     ULIB
008    111003s2549||||th 000 0 tha d
020    9741335423
050  0 QC21.2^bพ415ฟ 2549
100 0  คณาจารย์ภาควิชาฟิสิกส์ คณะวิทยาศาสตร์ จุฬาลงกรณ์มหาวิทยาลัย
245 00 ฟิสิกส์ 1/^cเขียนโดยคณาจารย์ภาควิชาฟิสิกส์ คณะวิทยาศาสตร์ จุฬาลงกรณ์มหาวิทยาลัย
250    พิมพ์ครั้งที่ 14
260    กรุงเทพฯ:^bจุฬาลงกรณ์มหาวิทยาลัย,^c2549
300    400 หน้า
650  7 ฟิสิกส์1
945    ^p150^l0^i021093
945    ^p150^l0^i021094
945    ^p150^l0^i021095
995    ทศพร
999 ^a ทศพร
รายการนี้ยังไม่มีแท็ก
คุณยังไม่ได้ล็อกอิน คุณสามารถมีกิจกรรมร่วมกับเว็บไซต์ได้ แต่ต้องล็อกอินก่อน ::
  ล็อกอิน

รายการสื่อสารสนเทศ

ลำดับที่ ประเภท เลขเรียก/บาร์โค้ด สถานที่ สถานะ
- ไม่พบข้อมูล -

รายการใกล้เคียง
    ผู้แต่ง [คณาจารย์ภาควิชาฟิสิกส์ คณะวิทยาศาสตร์ จุฬาลงกรณ์มหาวิทยาลัย]

    หัวเรื่อง [ฟิสิกส์1]

BibComment


ยังไม่เคยถูกคอมเมนท์

คอมเมนท์ทรัพยากรรายการนี้
  คอมเมนท์: ฟิสิกส์ 1 เขียนโด..


 Copyright 2026. Bcnsprnw @Library